Las IA 3.0 deepfake y las administraciones públicas : (Registro nro. 6118)
[ vista simple ]
| 000 -LEADER | |
|---|---|
| fixed length control field | 01257nabaa22002057a 4500 |
| 003 - CONTROL NUMBER IDENTIFIER | |
| control field | OSt |
| 005 - DATE AND TIME OF LATEST TRANSACTION | |
| control field | 20260122203343.0 |
| 008 - FIXED-LENGTH DATA ELEMENTS--GENERAL INFORMATION | |
| fixed length control field | 190701b xxu||||| |||| 00| 0 spa d |
| 040 ## - CATALOGING SOURCE | |
| Transcribing agency | PJ |
| 100 ## - MAIN ENTRY--PERSONAL NAME | |
| 9 (RLIN) | 6884 |
| Personal name | Thomas, Gustavo J. |
| 245 13 - TITLE STATEMENT | |
| Title | Las IA 3.0 deepfake y las administraciones públicas : |
| Statement of responsibility, etc | sobre la necesidad de regulación de las IA estatales o el riesgo de la “sociedad confianza cero” / |
| Remainder of title | Gustavo J. Thomas. |
| 300 ## - PHYSICAL DESCRIPTION | |
| Extent | p. 25-35 |
| 505 ## - FORMATTED CONTENTS NOTE | |
| Title | <br/> |
| Formatted contents note | Sumario: I. Introducción.— II. Qué es una IA deepfake/deep synthesis.— III. Los riesgos vinculados a su existencia.— IV. Tipos de deepfakes.— V. Control y combate: creación de los SINHAE (órganos electrónicos transhumanos) y su función de policía. Sobre los riesgos de no diferenciar 2.0, 3.0 y 4.0.— VI. Estudio sobre la posible reglamentación de deepfake o deep synthesis.— VII. Conclusión |
| 505 ## - FORMATTED CONTENTS NOTE | |
| Title | ¿Te interesa el texto completo? Comunicate al correo: koha@justierradelfuego.gov.ar |
| 650 #0 - SUBJECT ADDED ENTRY--TOPICAL TERM | |
| 9 (RLIN) | 211 |
| Topical term or geographic name as entry element | DERECHO ADMINISTRATIVO |
| 650 #0 - SUBJECT ADDED ENTRY--TOPICAL TERM | |
| 9 (RLIN) | 877 |
| Topical term or geographic name as entry element | ADMINISTRACION PUBLICA |
| 650 #0 - SUBJECT ADDED ENTRY--TOPICAL TERM | |
| 9 (RLIN) | 5817 |
| Topical term or geographic name as entry element | INTELIGENCIA ARTIFICIAL |
| 773 0# - HOST ITEM ENTRY | |
| Host Biblionumber | 2842 |
| Host Itemnumber | 3251 |
| Place, publisher, and date of publication | Buenos Aires : AbeledoPerrot, 2012- |
| Other item identifier | DA121 |
| Title | Derecho administrativo. Nº 147 mayo/junio 2023 |
| International Standard Book Number | 18510590 |
| 942 ## - ADDED ENTRY ELEMENTS (KOHA) | |
| Source of classification or shelving scheme | |
| Koha item type | Analítica Artículo de Revista |
No hay ítems disponibles.
